Statistics for Countries with the Most Olympics Medals in Taekwondo

Click here to take the quiz!

General Stats

  • This quiz has been taken 34 times
  • The average score is 12 of 17

Answer Stats

GSBTotalCountry% Correct
2259United States
100%
122519South Korea
94%
2136Great Britain
94%
71210China
94%
0347France
90%
1416Spain
90%
1113Italy
90%
0224Russia
87%
2237Mexico
68%
0235Thailand
61%
2158Taiwan
55%
1337Turkey
55%
2136Iran
48%
1304Greece
48%
1225Cuba
42%
0033Croatia
23%
1023Azerbaijan
19%

Score Distribution

Percentile by Number Answered

Percent of People with Each Score

Your Score History

You have not taken this quiz